1734 1119 1367 1839 1827 1953 1803 1374 1565 1043 1197 1282 1544 1851 1216 1178 1815 1644 1751 1001 1618 1118 1920 1689 1880 1105 1784 1947 1453 1052 1026 1620 1528 1023 1747 1858 1980 1786 1468 1384 1205 1424 1878 1317 1167 2000 1600 1034 1884 1407 1082 1996 1240 1962 1254 1054 1836 1449 1849 1043 1136 1210 1663 1865 1302 1177 1536 1447 1953 1484 1754 1668 1017 1302 1884 1882 1389 1756 1336 1598 1892 1023 1947 1204 1878 1107 1227 1221 1893 1109 1869 1797 1083 1309 1173 1058 1682 1493 1552 BCNSPRNW ULIB Ver.6.0+V

เปลี่ยนเป็นภาษาไทย

Change to English
 แสดงรายละเอียดบรรณานุกรม
  กลับหน้าหลัก

Brief Record : Get Marc (ISO 2709) : E-mail record : QR code < ปิดหน้าต่าง
LEADER : 00000nam 2200000uu 4500
001    13399121368
003     ULIB
008    121116s2548||||th 000 0 tha d
020    ^a9744431466
050 04 ^aTK7885^bช358ห
100 0  ^aชัชวาล ศุภเกษม
245 10 ^a100 บทเรียนลัดหัดใช้คอมพิวเตอร์ Windows XP /^cโดย ชัชวาล ศุภเกษม
246 3  ^aร้อยบทเรียนลัดหัดใช้คอมพิวเตอร์ Windows XP
246 3  ^aหนึ่งร้อยบทเรียนลัดหัดใช้คอมพิวเตอร์ Windows XP
250    ^aพิมพ์ครั้งที่ 1
260    ^aกรุงเทพฯ :^bสมาคมส่งเสริมเทคโนโลยี (ไทย-ญี่ปุ่น),^c2548
300    ^axi, 302 หน้า :^bภาพประกอบ ;^c22 ซม
650  7 ^aไมโครซอฟต์วินโดวส์เอ็กซ์พี
650  7 ^aระบบปฏิบัติการ (คอมพิวเตอร์)
945    ^p139^l0^i14812
995    ^aวิภา
999 ^a ศิริพร
รายการนี้ยังไม่มีแท็ก
คุณยังไม่ได้ล็อกอิน คุณสามารถมีกิจกรรมร่วมกับเว็บไซต์ได้ แต่ต้องล็อกอินก่อน ::
  ล็อกอิน

รายการสื่อสารสนเทศ

ลำดับที่ ประเภท เลขเรียก/บาร์โค้ด สถานที่ สถานะ
1. วิทยาศาสตร์การแพทย์ และสุขภาพ
วิทยาศาสตร์การแพทย์ และสุขภาพ
TK7885 ช358ห  
  Barcode: 14812
ห้องสมุดวิทยาเขตสวรรค์ประชารักษ์
►หนังสือทั่วไป
บนชั้น

รายการใกล้เคียง
    ผู้แต่ง [ชัชวาล ศุภเกษม]

    หัวเรื่อง [ไมโครซอฟต์วินโดวส์เอ็กซ์พี]
    หัวเรื่อง [ระบบปฏิบัติการ (คอมพิวเตอร์)]

BibComment


ยังไม่เคยถูกคอมเมนท์

คอมเมนท์ทรัพยากรรายการนี้
  คอมเมนท์: 100 บทเรียนลัดหั..


 Copyright 2026. Bcnsprnw @Library